| 000 | 09963nam a22007937a 4500 | ||
|---|---|---|---|
| 005 | 20090102113132.0 | ||
| 008 | 090102t xxu||||| |||| 00| 0 eng d | ||
| 010 | _aB-295977-296020 | ||
| 020 | _c100.00 | ||
| 035 | _aB-295977-296020 | ||
| 037 | _aSAP/180/29-09-08/92/16-05-08/30-09-08 | ||
| 040 |
_adpl _bEnglish |
||
| 082 | _a351.076 | ||
| 245 |
_a101 Tips on how to prepare for civil serivces examinations: _b(preliminary & main) |
||
| 246 |
_aOnOne hundred one Tips on how to prepare for civil serivces examinations: _b(preliminary & main) |
||
| 250 | _a12th ed. | ||
| 260 |
_aDelhi _bStudent Aid Publication _c2008 |
||
| 270 |
_a235,R.G. Complex II, Sector-14, Rohini _bDelhi _e110085 |
||
| 300 |
_axi, 431p. _c22cm.(pbk) |
||
| 500 | _aEverything you wanted to about the civil services examinations | ||
| 942 |
_2ddc _cBN _mONE _h351.076 |
||
| 999 |
_c20491 _d20491 |
||